000 00700nam a22002172 4500
001 0000003865
005 20151217145741.0
008 070515s xx 000 0 eng d
020 _a0321016211 :
040 _aKABU
_cKABU
050 0 _aQA37.2
_b.H86
100 1 _aHungerford, Thomas W.
_@0000154071
245 1 0 _aMathematics with applications in the management, natural and social sciences /
_cThomas W. Hungerford, Margaret L. Lial.
260 _aReading, Mass. :
_bAddison-Wesley,
_c1999.
300 _axiii, 793 p.
650 0 _aMathematics.
_@0000148159
700 1 _aLial, Margaret L.
_@0000154072
908 _a070515
950 _@1
999 _c2259
_d2259